<?xml version="1.0" encoding="UTF-8"?>
<record
    xmlns:xsi="http://www.w3.org/2001/XMLSchema-instance"
    xsi:schemaLocation="http://www.loc.gov/MARC21/slim http://www.loc.gov/standards/marcxml/schema/MARC21slim.xsd"
    xmlns="http://www.loc.gov/MARC21/slim">

  <leader>00744nam a2200157 a 4500</leader>
  <controlfield tag="001">000041966</controlfield>
  <controlfield tag="005">20201002035846.0</controlfield>
  <controlfield tag="008">131025s2000    sp a          000 0 spa d</controlfield>
  <datafield tag="020" ind1=" " ind2=" ">
    <subfield code="a">848587305X</subfield>
  </datafield>
  <datafield tag="040" ind1=" " ind2=" ">
    <subfield code="a">DO-SdBNP</subfield>
    <subfield code="b">spa</subfield>
    <subfield code="c">BNPHU</subfield>
  </datafield>
  <datafield tag="100" ind1="1" ind2=" ">
    <subfield code="a">Almagro Gorbea, Antonio.</subfield>
    <subfield code="9">68891</subfield>
  </datafield>
  <datafield tag="245" ind1="1" ind2="3">
    <subfield code="a">El Palacio Omeya de 'AMM&#xC2;N /</subfield>
    <subfield code="c">Antonio Almagro...[et. al].</subfield>
  </datafield>
  <datafield tag="260" ind1=" " ind2=" ">
    <subfield code="a">Granada :</subfield>
    <subfield code="b">Escuela de Estudios Arabes, CSIC :</subfield>
    <subfield code="b">Real Academia de Bellas Artes de Granada,</subfield>
    <subfield code="c">2000.</subfield>
  </datafield>
  <datafield tag="300" ind1=" " ind2=" ">
    <subfield code="a">v. (354), p. (134) p. l&#xE1;m. ;</subfield>
    <subfield code="c">30 cm.</subfield>
  </datafield>
  <datafield tag="505" ind1="2" ind2=" ">
    <subfield code="a">v. 3</subfield>
    <subfield code="t">Investigaci&#xF3;n arqueol&#xF3;gica y restauraci&#xF3;n, 1989-1997 /</subfield>
    <subfield code="r">Antonio Almagro, Pedro Jimen&#xE9;z, Julio Navarro ; con la colaboraci&#xF3;n de Ignacio Arce, Jos&#xE9; Antonio Fern&#xE9;ndez, Alvaro Jim&#xE9;nez y Ma. Bel&#xE9;n S&#xE1;nchez</subfield>
  </datafield>
  <datafield tag="952" ind1=" " ind2=" ">
    <subfield code="0">0</subfield>
    <subfield code="1">0</subfield>
    <subfield code="5">0</subfield>
    <subfield code="7">-1</subfield>
    <subfield code="8">MO</subfield>
    <subfield code="a">GR</subfield>
    <subfield code="b">GR</subfield>
    <subfield code="c">OI</subfield>
    <subfield code="d">2013-10-25</subfield>
    <subfield code="i">LF1</subfield>
    <subfield code="l">0</subfield>
    <subfield code="o"> </subfield>
    <subfield code="p">41966-10</subfield>
    <subfield code="r">2020-06-25</subfield>
    <subfield code="w">2020-06-25</subfield>
    <subfield code="y">1</subfield>
    <subfield code="Z">No se presta</subfield>
  </datafield>
  <datafield tag="999" ind1=" " ind2=" ">
    <subfield code="c">41455</subfield>
    <subfield code="d">41455</subfield>
  </datafield>
</record>
